| 000 | 01033nam a2200133Ia 4500 | ||
|---|---|---|---|
| 008 | 220216s9999 xx 000 0 und d | ||
| 100 | _aBrion H P | ||
| 245 | 0 | _aRubberwood processing- Current status and possibilities for improvement | |
| 260 |
_bIn: Proceedings of the International Forum on Investment Opportunities in the Rubber Wood Industry, 20-22 September 1993, Kuala Lumpur, Malaysia, pp.43-54. _c1993 |
||
| 520 | _aThe current status of the rubberwood processing industries in South and Southeast Asian tropical rubber growing countries is described. Wherever possible, the range of development of major aspects of the industries is described in some detail and areas for possible future improvement are identified. The needs of the industries, together with suggested solutions, are enumerated. Furthermore, sources for technical, administrative and/or financial assistance for the Rubberwood industries' development are also identified. | ||
| 650 | _aRubberwood industry | ||
| 650 | _aRubberwood processing | ||
| 942 | _cBO | ||
| 999 |
_c48099 _d48099 |
||